LEADER 01068cam0-22003251i-450 001 990000148750403321 005 20220302102810.0 035 $a000014875 035 $aFED01000014875 035 $a(Aleph)000014875FED01 035 $a000014875 100 $a20011111d1881----km-y0itay50------ba 101 0 $aita 102 $aIT 105 $aa-------001yy 200 1 $a<>trebbiatrice Epple e la locomobile Brown and May che riportarono il primo premio al concorso di Perugia$fFrancesco Milone 210 $aNapoli$cTip. Ferrante$d[1881] 215 $a7 p.$cill.$d26 cm 300 $aNome dell'Aut. a p. 7. - Estr. da: L'Agricoltura meridionale 700 1$aMilone,$bFrancesco$01409 801 0$aIT$bUNINA$gRICA$2UNIMARC 901 $aBK 912 $a990000148750403321 952 $a60 MISC. B 95/5$fFAGBC 952 $a13 MISC 407 04$b10791$fFINBC 959 $aFAGBC 959 $aFINBC 996 $aTrebbiatrice Epple e la locomobile Brown and May che riportarono il primo premio al Concorso di Perugia$9120800 997 $aUNINA DB $aING01